Statistics for Pixar Movies Quiz

Click here to take the quiz!

General Stats

  • This quiz has been taken 117 times
    (65 since last reset)
  • The average score is 19 of 26

Answer Stats

ReleaseMovie% Correct
1995Toy Story
100%
1999Toy Story 2
100%
2010Toy Story 3
100%
2019Toy Story 4
100%
2006Cars
93%
2011Cars 2
93%
2017Cars 3
93%
2003Finding Nemo
80%
2004The Incredibles
76%
2016Finding Dory
74%
1998A Bug's Life
72%
2001Monsters, Inc
72%
2013Monsters University
72%
2018The Incredibles 2
72%
2008WALL-E
72%
2015Inside Out
70%
2009Up
67%
2020Soul
63%
2017Coco
61%
2022Turning Red
61%
2012Brave
59%
2021Luca
59%
2020Onward
54%
2007Ratatouille
50%
2022Lightyear
48%
2015The Good Dinosaur
46%

Score Distribution

Percentile by Number Answered

Percent of People with Each Score

Your Score History

You have not taken this quiz since the last reset